000 00729nam a2200217Ii 4500
001 11921
003 CO-ViMGA
008 241108s9999||||xx |||||||||||||| ||und||
020 _a9589616658
040 _aCO-ViMGA
_bspa
_erda
_cCO-ViMGA
041 0 _aunk
082 0 4 _a372.62304-U58
110 1 _aUniversidad Nacional de Colombia programa Red
_918946
245 1 0 _aAprender y Enseñar a escribir:
_bUna propuesta de formación del docente
264 1 _a[Lugar de publicación no identificado] : Universidad Nacional de Colombia, 1998
300 _avolumen
336 _atext
_btxt
_2rdacontent
337 _aunmediated
_bn
_2rdamedia
338 _avolume
_bnc
_2rdacarrier
940 _aidficha_siabuc: 11631. -- ficha_no_siabuc:11921
999 _c56656
_d56656